Personaggi famosi di nome "Giovanni" - Statistics

Statistiche generali
  • Questo quiz è stato fatto 147 volte
  • Il punteggio medio è 14 su 32
Statistiche sulle risposte
Descrizione Nascita - Morte Nome % Corretto
Poeta autore del Decameron 1313 - 1375 Giovanni Boccaccio
93%
Tra i più importanti presidenti della FIAT 1921 - 2003 Giovanni Agnelli
88%
Magistrato antimafia, vittima di Cosa Nostra nella strage di Capaci 1939 - 1992 Giovanni Falcone
87%
Poeta autore dei Malavoglia 1840 - 1922 Giovanni Verga
74%
Imprenditore tra i leader mondiali della pasta fresca (Ravioli) 1937 Giovanni Rana
72%
Pianista, tra i compositori e musicisti contemporanei più importanti 1969 Giovanni Allevi
68%
Conduttore televisivo del programma: "Art Attack" 1969 Giovanni Muciaccia
67%
Poeta autore del Fanciullino 1855 - 1912 Giovanni Pascoli
63%
Prete, Fondatore delle congregazioni dei Salesiani e dell'Oratorio 1815 - 1888 Giovanni Bosco
62%
Comico e componente del trio: Aldo, Giovanni e Giacomo 1957 Giovanni Storti
53%
Politico più influente tra fine 800 e inizio 900 1842 - 1928 Giovanni Giolitti
50%
Amministratore delegato della sua omonima società, uomo più ricco d'Italia 1964 Giovanni Ferrero
45%
Ex Presidente del CONI (per circa 13 anni) 1959 Giovanni Malagò
45%
calciatore italiano, difensore e capitano del Napoli 1993 Giovanni Di Lorenzo
44%
Filosofo e politico Fascista, noto per la sua riforma scolastica omonima 1875 - 1944 Giovanni Gentile
44%
6^ Presidente della Repubblica Italiana 1908 - 2001 Giovanni Leone
44%
Conduttore televisivo del programma: "Dimartedì" , "Ballarò" 1967 Giovanni Floris
41%
Mafioso di Cosa Nostra, esecutore materiale della strage di Capaci 1957 Giovanni Brusca
40%
3^ Presidente della Repubblica Italiana 1887 - 1978 Giovanni Gronchi
38%
Calciatore argentino, attaccante del Napoli 1995 Giovanni Simeone
37%
Ex calciatore bandiera del Milan e allenatore italiano più vittorioso a livello di club 1939 Giovanni Trapattoni
32%
Ex Presidente della Regione Liguria e leader di "Noi Moderati" 1968 Giovanni Toti
31%
Navigatore che per primo esplorò il Nord America 1449 - 1499 Giovanni Caboto
25%
Scrittore, autore del "Mondo Piccolo" libro che racconta le vicende di Don Camillo e Peppone 1908 - 1968 Giovanni Guareschi
25%
Regista, autore de: La stanza del Figlio, Il Caimano, Palombella Rossa 1953 Giovanni Moretti
23%
Primo capo di governo non democristiano dalla nascita della Repubblica Italiana 1925 - 1994 Giovanni Spadolini
22%
Cantautore, vincitore delle Nuove Proposte del Festival di Sanremo 2015 e arrivò terzo l'anno dopo nei Big 1990 Giovanni Caccamo
16%
Pittore Veneziano, tra i più celebri del Rinascimento, autore del: "Allegoria sacra" 1428 - 1516 Giovanni Bellini
9%
Navigatore che esplorò molte zone della costa atlantica degli attuali Stati Uniti 1485 - 1528 Giovanni da Verrazzano
9%
Politico di Fratelli d'Italia, di cui è responsabile nazionale 1975 Giovanni Donzelli
7%
Politologo e sociologo italiano più importante 1924 - 2017 Giovanni Sartori
3%
Tra i più importanti umanisti e filosofi del rinascimento, autore del: "Discorso sulla dignità dell'uomo" 1463 - 1494 Giovanni Pico della Mirandola
2%
Nessun quiz corrispondente trovato
Distribuzione punteggi
Percentuale di utenti per punteggio
Percentile per numero di risposta
I tuoi punteggi nel tempo
Non hai fatto questo quiz